000 01063nam a2200289 i 4500
001 172607
003 ES-MaACL
005 20250805063315.0
007 t|
008 090727s1996 fr ||||1| fre d
020 _a2-251-79901-X
080 _a342.4(38 Atenas)(091)
100 0 _aAristóteles
_922861
245 1 0 _aConstitution d'Athènes /
_cAristote ; traduit par Georges Mathieu et Bernard Haussoulier... ; introduction et notes de Claude Mossé.
260 _aParis :
_bLes Belles Lettres,
_c1996.
300 _aXXIV, 182 p. ;
_c18 cm.
490 1 _aClassiques en poche. Bilingue ;
_v2
546 _aTexto griego y traducción en francés.
651 4 _aAtenas-
_xHistoria.
_9141118
700 1 _aMathieu, Georges.
_979044
700 1 _aMossé, Claude.
_9193541
700 1 _aHaussoullier, Bernard.
_9141119
740 0 _aConstitución de los atenienses.
830 0 _aClassiques en poche. Bilingue ;
_v2
_9189096
852 4 _aES-MaACL
_jE-12898
_9R.139376
_z. - Biblioteca Jacinto Martínez Lacalle
999 _c172607
_d172607